000 00472nam a2200169Ia 4500
008 230917s9999||||xx |||||||||||||| ||und||
020 _cRS895
040 _e236227
_aMAIN
041 _aEnglish
082 _a320.509 S64U
100 _aSingh, Bhola Prasad
245 0 _aUttaradhuniktawaad: Rajniti, samaj evam sanskriti
260 _aJaipur
_bRawat Publications
_c2016
300 _a295 p.
500 _a2483 01/12/2016 RK16/IN2841 07/12/2016 Main Budget
942 _cBK
999 _c20040
_d20040